Evaluación educacional: conceptos básicos

Bibliographic Details
Other Authors: Ferrante, Adela (coautor), Castro, Claudia (coautor)
Format: Kit
Language:Spanish
Series:Programa de formación docente pedagógica
Subjects:

MARC

LEADER 000000sc a2200000 a 4500
001 200515
003 Ucuenca
005 20230308214321.0
008 993073|1992 ||||||||r|||||||||||spa||
020 |a 9507100100253 
040 |b spa 
041 0 |a spa 
082 0 |a 378 
245 |a Evaluación educacional:   |c preparado por: Adela Ferrante y Claudia Castro  |h imp  |b conceptos básicos 
264 |a Washington  |b OPS  |c 1992 
300 |a 77 páginas:  |b dia  |c 28 cm 
490 |a Programa de formación docente pedagógica  |n no. 5 
504 |a incl. ref. 
650 0 |a Evaluación educativa  |9 22472 
650 |a Conceptos  |9 46879 
700 1 |a Ferrante, Adela  |e coautor  |9 189405 
700 1 |a Castro, Claudia.  |e coautor  |9 189427 
852 |a UC-SALUD  |f Canje  |l 1  |m General  |p 19930730  |q 20.200  |t 200515  |b 0  |d CDRS  |e CDRS  |g 378   |z 1993-30-73 
942
999 |c 128376  |d 128376